| 000 | 00659nam a2200229 a 4500 | ||
|---|---|---|---|
| 001 | BRL_466 | ||
| 005 | 20190320210744.0 | ||
| 008 | 160813s1989----mx-#######---#000-0#spa-# | ||
| 020 | _a9686387005 | ||
| 041 | _aspa | ||
| 044 | _amx | ||
| 050 | 4 |
_aPQ6174.95 _b.C67 1989 |
|
| 100 | 1 |
_aCoronel Rivera, Juan _924001 |
|
| 245 | 1 | 0 |
_aLa Luna y otros círculos. _cJuan Coronel Rivera ; il. Fco. López Chávez. _bAdriana Cataño y Gonzalo Vélez. |
| 260 |
_aMéxico _bEditorial Envidia _c1989. |
||
| 300 |
_a142 p. _bil. _c19 cm. |
||
| 500 | _aAu498 | ||
| 650 | 1 | 4 |
_aPoesía _917631 |
| 700 | 1 |
_aLópez Chávez, Fco. _eil. _924002 |
|
| 902 | _aGRL | ||
| 942 |
_2lcc _cB |
||
| 999 |
_c9278 _d9278 |
||